1870 1926 1785 1235 1826 1800 1460 1510 1517 1121 1434 1957 1974 1771 1755 1441 1376 1147 1292 1077 1616 1672 1099 1758 1763 1460 1932 1955 1866 1881 1474 1244 1688 1011 1775 1097 1968 1467 1951 1683 1103 1911 1559 1939 1589 1044 1140 1915 1681 1809 1015 1847 1676 1048 1538 1340 1874 1676 1114 1857 1433 1768 1189 1402 1607 1325 1117 1605 1486 1420 1384 1665 1010 1689 1955 1829 1446 1962 1278 1506 1575 1507 1003 1485 1765 1513 1665 1405 1518 1801 1639 1860 1226 1721 1185 1390 1057 1452 1009 BCNSPRNW ULIB Ver.6.0+V

เปลี่ยนเป็นภาษาไทย

Change to English
 แสดงรายละเอียดบรรณานุกรม
  กลับหน้าหลัก

Brief Record : Get Marc (ISO 2709) : E-mail record : QR code < ปิดหน้าต่าง
LEADER : 00000nam 2200000uu 4500
001    13399129158
003     ULIB
008    020711s2548 th a 000 0 tha d
060    ^aWY18.2^bว587จ
110    ^aวิทยาลัยเครือข่ายภาคกลาง
245    ^aสาระทบทวนวิชาสุขภาพจิต
260    ^aกรุงเทพฯ :^bม.ป.ท.,^c2548
650    ^aการพยาบาลสุขภาพจิต
945    ^p0^l0^i016689
999    ^aประนอม เกษจรัล
รายการนี้ยังไม่มีแท็ก
คุณยังไม่ได้ล็อกอิน คุณสามารถมีกิจกรรมร่วมกับเว็บไซต์ได้ แต่ต้องล็อกอินก่อน ::
  ล็อกอิน

รายการสื่อสารสนเทศ

ลำดับที่ ประเภท เลขเรียก/บาร์โค้ด สถานที่ สถานะ
1. Book การพยาบาล
Book การพยาบาล
WY18.2 ว587จ ฉ.1 
  Barcode: 016689
ห้องสมุดวิทยาเขตสวรรค์ประชารักษ์
►หนังสือทั่วไป
บนชั้น

รายการใกล้เคียง
    หัวเรื่อง [การพยาบาลสุขภาพจิต]

BibComment


ยังไม่เคยถูกคอมเมนท์

คอมเมนท์ทรัพยากรรายการนี้
  คอมเมนท์: สาระทบทวนวิชาสุข..


 Copyright 2026. Bcnsprnw @Library